[Event "Bayern-chTT (RL Sued-Ost)"]
[Site "Bayern 2008/09"]
[Date "2009.03.29"]
[Round "9.1"]
[White "Riedel, Wolfgang(52)"]
[Black "Wahrlich, Andreas"]
[Result "1/2-1/2"]
[WhiteElo "2209"]
[BlackElo "2034"]
[PlyCount "34"]
[EventDate "2009.03.??"]
[EventType "team-tourn"]
[EventRounds "9"]
[WhiteTeam "Gräfelfing 1"]
[BlackTeam "Waldkraiburg 1"]

1. d4 Nf6 2. c4 e6 3. Nf3 b6 4. Bf4 Bb7 5. e3 Bb4+ 6. Nfd2 O-O 7. a3 Be7 8. Nc3
d5 9. cxd5 Nxd5 10. Nxd5 exd5 11. Bd3 Bd6 12. Qh5 g6 13. Qh6 Ba6 14. Bxd6 Qxd6
15. Nf3 Qf6 16. Bxa6 Nxa6 17. Ne5 Qe6 1/2-1/2

[Event "Bayern-chTT (RL Sued-Ost)"]
[Site "Bayern 2008/09"]
[Date "2009.03.29"]
[Round "9.4"]
[White "Hauschild, Helmut"]
[Black "Wuerdinger, Alexander"]
[Result "1-0"]
[WhiteElo "2109"]
[BlackElo "2074"]
[PlyCount "121"]
[EventDate "2009.03.??"]
[EventType "team-tourn"]
[EventRounds "9"]
[WhiteTeam "Waldkraiburg 1"]
[BlackTeam "Gräfelfing 1"]

1. e4 c5 2. d3 Nf6 3. g3 Nc6 4. Bg2 d5 5. exd5 Nxd5 6. Nc3 Nxc3 7. bxc3 g6 8.
Ne2 Bg7 9. O-O O-O 10. Be3 Qa5 11. Qd2 Rd8 12. Bh6 Bh8 13. Qe3 Bf5 14. h3 c4
15. d4 Bxc2 16. d5 Rxd5 17. Bxd5 Qxd5 18. Rac1 Qe4 19. f3 Qd3 20. Rfe1 Ne5 21.
Nd4 Ba4 22. f4 Qxe3+ 23. Rxe3 Nd3 24. Rb1 b6 25. f5 Bf6 26. Rf1 Rd8 27. Re4 Rd5
28. g4 Bd7 29. fxg6 hxg6 30. Bd2 b5 31. Nf3 Nc5 32. Re2 Rd3 33. g5 Bxc3 34.
Bxc3 Rxc3 35. Rxe7 Bxh3 36. Rf2 Nd3 37. Re8+ Kg7 38. Rd2 Bd7 39. Re7 Rc1+ 40.
Kh2 Bc6 41. Nd4 Bd5 42. Rd7 Rh1+ 43. Kg3 Rg1+ 44. Kh4 Nf4 45. Rf2 Ng2+ 46. Kg3
Ne3+ 47. Kf4 Rg4+ 48. Kxe3 Re4+ 49. Kd2 Rxd4+ 50. Kc3 Rd3+ 51. Kb4 a6 52. Kc5
Rf3 53. Rxf3 Bxf3 54. Kb4 Bg4 55. Ra7 Bc8 56. a3 Bf5 57. Rxa6 Bd7 58. Ra7 Be8
59. Rc7 Kf8 60. Kc5 f5 61. gxf6 1-0

[Event "Bayern-chTT (RL Sued-Ost)"]
[Site "Bayern 2008/09"]
[Date "2009.03.29"]
[Round "9.5"]
[White "Hock, Martin"]
[Black "Loew, Peter"]
[Result "1/2-1/2"]
[WhiteElo "1990"]
[BlackElo "2039"]
[PlyCount "122"]
[EventDate "2009.03.??"]
[EventType "team-tourn"]
[EventRounds "9"]
[WhiteTeam "Gräfelfing 1"]
[BlackTeam "Waldkraiburg 1"]

1. Nf3 g6 2. e4 Bg7 3. d4 c6 4. Bd3 d5 5. e5 Nh6 6. O-O O-O 7. c3 f6 8. exf6
exf6 9. h3 Re8 10. Bf4 Be6 11. Nbd2 Bf5 12. Bxf5 Nxf5 13. Qc2 Na6 14. Rfe1 Qd7
15. Qb3 Bf8 16. Rxe8 Rxe8 17. Re1 Rxe1+ 18. Nxe1 Nd6 19. Nef3 Kg7 20. Kf1 Be7
21. c4 Nxc4 22. Nxc4 dxc4 23. Qxc4 Nb4 24. Bd2 Nd5 25. Qd3 Nc7 26. Qe4 Qe6 27.
Qxe6 Nxe6 28. Ke2 Bd6 29. g3 Kf7 30. Be3 b6 31. Nd2 Nc7 32. Nc4 Ke6 33. Nxd6
Kxd6 34. Bf4+ Kd7 35. Kd3 Nd5 36. Bd2 Ke6 37. a3 b5 38. b3 f5 39. f3 Nb6 40.
Bf4 Nd7 41. Be3 Kd5 42. Kc3 Nf8 43. Kd3 Ne6 44. h4 a6 45. Bf2 h6 46. Be3 h5 47.
Bf2 g5 48. hxg5 Nxg5 49. Kc3 Ne6 50. Kd3 Nf8 51. Be3 Ne6 52. Bf2 f4 53. g4 hxg4
54. fxg4 a5 55. b4 a4 56. Bg1 Ng5 57. Bh2 Ne6 58. Bg1 Ng5 59. Bh2 Nh3 60. g5
Nxg5 61. Bxf4 Nf3 1/2-1/2

[Event "Bayern-chTT (RL Sued-Ost)"]
[Site "Bayern 2008/09"]
[Date "2009.03.29"]
[Round "9.6"]
[White "Guenes, Erdogan"]
[Black "Soergel, Thomas"]
[Result "0-1"]
[WhiteElo "1970"]
[BlackElo "1943"]
[PlyCount "90"]
[EventDate "2009.03.??"]
[EventType "team-tourn"]
[EventRounds "9"]
[WhiteTeam "Waldkraiburg 1"]
[BlackTeam "Gräfelfing 1"]

1. e4 e6 2. Nc3 d5 3. d3 c5 4. f4 Nc6 5. Nf3 Nf6 6. e5 d4 7. Ne4 Nxe4 8. dxe4
Be7 9. Bd3 b5 10. b3 O-O 11. a4 b4 12. O-O Bb7 13. g4 Qc7 14. h4 f6 15. exf6
Bxf6 16. g5 Be7 17. Nh2 g6 18. Ng4 Bc8 19. Nh6+ Kg7 20. Qg4 Nd8 21. f5 exf5 22.
exf5 Kh8 23. Bb2 Nf7 24. Bxd4+ cxd4 25. Nxf7+ Rxf7 26. Rae1 Bxf5 27. Qg2 Rd8
28. Bc4 Rff8 29. Rf3 Bc5 30. Bd3 Bxd3 31. cxd3 Rxf3 32. Qxf3 Rf8 33. Qe4 Qg3+
34. Kh1 Qf3+ 35. Kg1 Qxe4 36. Rxe4 Rf3 37. Re8+ Kg7 38. Rc8 Bb6 39. Rc4 Rxd3
40. Rxb4 Rf3 41. Kg2 Rf5 42. Rc4 d3 43. Rc3 Rd5 44. Rc1 d2 45. Rd1 Ba5 0-1

[Event "Bayern-chTT (RL Sued-Ost)"]
[Site "Bayern 2008/09"]
[Date "2009.03.29"]
[Round "9.7"]
[White "Jordan, Tobias"]
[Black "Hauschild, Rudolf jr(55)"]
[Result "1-0"]
[WhiteElo "1927"]
[BlackElo "1812"]
[PlyCount "47"]
[EventDate "2009.03.??"]
[EventType "team-tourn"]
[EventRounds "9"]
[WhiteTeam "Gräfelfing 1"]
[BlackTeam "Waldkraiburg 1"]

1. e4 g6 2. d4 d6 3. Nc3 Bg7 4. f4 c6 5. Nf3 Bg4 6. Be2 Qc7 7. Be3 Nd7 8. O-O
Bxf3 9. Bxf3 b5 10. Qe2 a6 11. e5 f5 12. b4 Nb6 13. a4 Rd8 14. axb5 axb5 15.
Ra6 Ra8 16. Rxa8+ Nxa8 17. Nxb5 Qb6 18. Ra1 Qxb5 19. Qxb5 cxb5 20. Rxa8+ Kd7
21. Ra7+ Kd8 22. Rb7 Nh6 23. exd6 Bf6 24. dxe7+ 1-0

[Event "Bayern-chTT (RL Sued-Ost)"]
[Site "Bayern 2008/09"]
[Date "2009.03.29"]
[Round "9.8"]
[White "Mertz, Waldemar"]
[Black "Seifried, Johannes"]
[Result "1-0"]
[WhiteElo "1872"]
[BlackElo "1816"]
[PlyCount "119"]
[EventDate "2009.03.??"]
[EventType "team-tourn"]
[EventRounds "9"]
[WhiteTeam "Waldkraiburg 1"]
[BlackTeam "Gräfelfing 1"]

1. e4 g6 2. d4 Bg7 3. c4 d6 4. Nc3 Nf6 5. Nf3 O-O 6. Be2 e5 7. d5 a5 8. O-O Na6
9. Ne1 Nc5 10. f3 Nfd7 11. g4 Nb8 12. Nd3 Nba6 13. Be3 b6 14. Kg2 f5 15. Qd2
Nxd3 16. Qxd3 f4 17. Bf2 Bf6 18. Qd2 Bh4 19. Qe1 Bxf2 20. Qxf2 Nc5 21. b3 Nd7
22. Rh1 Nf6 23. h3 Kg7 24. Nb5 Rh8 25. Rag1 Bd7 26. Nc3 Qe7 27. a4 Be8 28. Rb1
Nd7 29. Rh2 Nc5 30. Qe1 h5 31. Qf2 hxg4 32. fxg4 Rh4 33. Kh1 g5 34. Rb2 Bg6 35.
Qg2 Rf8 36. Bf3 Rfh8 37. Kg1 Nd3 38. Rd2 Nc1 39. Rb2 Nd3 40. Rd2 Nc5 41. Rb2
Kf6 42. Qh1 Qh7 43. Bg2 Ke7 44. Kf1 Rf8 45. Bf3 Nd7 46. Ke1 Nf6 47. Rbe2 Rh8
48. Reg2 Rxh3 49. Rxh3 Qxh3 50. Qxh3 Rxh3 51. Kf2 Be8 52. Nb1 Bd7 53. Nd2 Kf7
54. Ke2 Kg6 55. Kf2 Rh4 56. Ke2 Bxg4 57. Bxg4 Nxg4 58. Nf3 Kh5 59. Nxh4 Kxh4
60. Kf3 1-0

[Event "Bayern-chTT (RL Sued-Ost)"]
[Site "Bayern 2008/09"]
[Date "2009.03.29"]
[Round "9.1"]
[White "Huber, Edwin(70)"]
[Black "Zill, Christoph"]
[Result "1/2-1/2"]
[WhiteElo "2077"]
[BlackElo "2144"]
[PlyCount "27"]
[EventDate "2009.03.??"]
[EventType "team-tourn"]
[EventRounds "9"]
[WhiteTeam "Ilmmünster 1"]
[BlackTeam "Freising 1"]

1. d4 Nf6 2. Nc3 d5 3. e4 e6 4. Bg5 dxe4 5. Nxe4 Be7 6. Bxf6 Bxf6 7. Nf3 Nd7 8.
Qd2 O-O 9. O-O-O Be7 10. Bd3 c5 11. Qf4 cxd4 12. Neg5 h6 13. h4 Nc5 14. Bh7+
1/2-1/2

[Event "Bayern-chTT (RL Sued-Ost)"]
[Site "Bayern 2008/09"]
[Date "2009.03.29"]
[Round "9.2"]
[White "Knitl, Anton"]
[Black "Loder, Wilhelm"]
[Result "1/2-1/2"]
[WhiteElo "2138"]
[BlackElo "2096"]
[PlyCount "20"]
[EventDate "2009.03.??"]
[EventType "team-tourn"]
[EventRounds "9"]
[WhiteTeam "Freising 1"]
[BlackTeam "Ilmmünster 1"]

1. e4 c5 2. Nf3 e6 3. Nc3 a6 4. g3 d6 5. Bg2 Nf6 6. e5 dxe5 7. Nxe5 Nbd7 8.
Nxd7 Qxd7 9. O-O Ra7 10. d3 b6 1/2-1/2

[Event "Bayern-chTT (RL Sued-Ost)"]
[Site "Bayern 2008/09"]
[Date "2009.03.29"]
[Round "9.3"]
[White "Seisenberger, Georg"]
[Black "Bauer, Robert(67)"]
[Result "1/2-1/2"]
[WhiteElo "2051"]
[BlackElo "2060"]
[PlyCount "36"]
[EventDate "2009.03.??"]
[EventType "team-tourn"]
[EventRounds "9"]
[WhiteTeam "Ilmmünster 1"]
[BlackTeam "Freising 1"]

1. e4 c5 2. c3 Nf6 3. e5 Nd5 4. Nf3 d6 5. d4 cxd4 6. cxd4 Nc6 7. Be2 g6 8. Nc3
Nxc3 9. bxc3 dxe5 10. d5 Nb8 11. Nxe5 Bg7 12. Bb5+ Nd7 13. Bf4 O-O 14. Bxd7
Bxd7 15. O-O Bb5 16. Re1 Rc8 17. Qb3 Ba6 18. Rac1 h6 1/2-1/2

[Event "Bayern-chTT (RL Sued-Ost)"]
[Site "Bayern 2008/09"]
[Date "2009.03.29"]
[Round "9.5"]
[White "Niedermeier, Thomas(90)"]
[Black "Dost, Andreas"]
[Result "1/2-1/2"]
[WhiteElo "1976"]
[BlackElo "2012"]
[PlyCount "119"]
[EventDate "2009.03.??"]
[EventType "team-tourn"]
[EventRounds "9"]
[WhiteTeam "Ilmmünster 1"]
[BlackTeam "Freising 1"]

1. e4 c5 2. Nf3 d6 3. d4 cxd4 4. Nxd4 Nf6 5. Nc3 a6 6. Bg5 e6 7. f4 Be7 8. Qf3
Nbd7 9. O-O-O Qc7 10. g4 b5 11. Bxf6 Nxf6 12. g5 Nd7 13. f5 Bxg5+ 14. Kb1 Ne5
15. Qh5 Qe7 16. Nxe6 Bxe6 17. fxe6 g6 18. exf7+ Kxf7 19. Qe2 Kg7 20. Nd5 Qd8
21. Bh3 Ra7 22. Rhf1 Rf8 23. Be6 Nc4 24. Ka1 Rb7 25. Rxf8 Qxf8 26. Rf1 Qd8 27.
h4 Bxh4 28. Nf4 Ne5 29. Bd5 Re7 30. Ne6+ Rxe6 31. Bxe6 Qe8 32. Bd5 Qe7 33. Qe3
Qc7 34. Qh3 Bg5 35. Qe6 Qd8 36. Rh1 Qf8 37. a3 h6 38. Ka2 Bf6 39. Rh3 h5 40. a4
b4 41. Rb3 a5 42. c3 Nd3 43. cxb4 Nc1+ 44. Ka3 Nxb3 45. Kxb3 axb4 46. a5 Bd4
47. Qd7+ Kh6 48. Bf7 Qg7 49. Qe6 Bxb2 50. Qxg6+ Qxg6 51. Bxg6 Bc1 52. Bf5 Kg5
53. a6 Be3 54. Kxb4 Kf6 55. Kc4 Ke5 56. Kd3 Bg1 57. Bc8 Kf4 58. Bd7 h4 59. Bc8
Kg3 60. Kc4 1/2-1/2

[Event "Bayern-chTT (RL Sued-Ost)"]
[Site "Bayern 2008/09"]
[Date "2009.03.29"]
[Round "9.7"]
[White "Baier, Herbert(65)"]
[Black "Wolf, Dietrich Hans(36)"]
[Result "1/2-1/2"]
[WhiteElo "1961"]
[BlackElo "1918"]
[PlyCount "35"]
[EventDate "2009.03.??"]
[EventType "team-tourn"]
[EventRounds "9"]
[WhiteTeam "Ilmmünster 1"]
[BlackTeam "Freising 1"]

1. e4 c5 2. Nf3 d6 3. d4 cxd4 4. Nxd4 Nf6 5. Nc3 a6 6. f4 e6 7. a4 Nc6 8. Be2
Qc7 9. Be3 Be7 10. O-O O-O 11. Kh1 Bd7 12. Qe1 Nxd4 13. Bxd4 e5 14. Be3 b5 15.
fxe5 dxe5 16. Bg5 Bc6 17. Bd3 b4 18. Nd1 1/2-1/2

[Event "Bayern-chTT (RL Sued-Ost)"]
[Site "Bayern 2008/09"]
[Date "2009.03.29"]
[Round "9.8"]
[White "Schneider, Wolfgang(64)"]
[Black "Knoblauch, Leonhard"]
[Result "0-1"]
[WhiteElo "1915"]
[BlackElo "1880"]
[PlyCount "52"]
[EventDate "2009.03.??"]
[EventType "team-tourn"]
[EventRounds "9"]
[WhiteTeam "Freising 1"]
[BlackTeam "Ilmmünster 1"]

1. e4 Nf6 2. e5 Nd5 3. c4 Nb6 4. d4 d6 5. f4 dxe5 6. fxe5 c5 7. d5 g6 8. Bd3
Bg7 9. Bf4 O-O 10. Nc3 e6 11. Qf3 exd5 12. cxd5 N8d7 13. O-O-O Nxe5 14. Bxe5
Bxe5 15. Nge2 Qg5+ 16. Kb1 Bg4 17. Qf2 Bxc3 18. Nxc3 Bxd1 19. Rxd1 c4 20. Be4
Rad8 21. h4 Qe5 22. g4 Na4 23. Qf3 Nxc3+ 24. bxc3 Rfe8 25. Bc2 Rd6 26. h5 Qe3
0-1